Writing research papers : a complete guide (Record no. 10159)
[ view plain ]
| 000 -LEADER | |
|---|---|
| fixed length control field | 00509 a2200181 4500 |
| 020 ## - INTERNATIONAL STANDARD BOOK NUMBER | |
| International Standard Book Number | 0321082079 |
| 020 ## - INTERNATIONAL STANDARD BOOK NUMBER | |
| International Standard Book Number | 0321082087 |
| 090 ## - LOCALLY ASSIGNED LC-TYPE CALL NUMBER (OCLC); LOCAL CALL NUMBER (RLIN) | |
| -- | 6328 |
| -- | 6328 |
| 100 1# - MAIN ENTRY--PERSONAL NAME | |
| Personal name | Lester, James D., |
| 245 10 - TITLE STATEMENT | |
| Title | Writing research papers : a complete guide |
| Statement of responsibility, etc. | James D. Lester, James Lester, Jr. |
| 250 ## - EDITION STATEMENT | |
| Edition statement | 10th ed. |
| 260 ## - PUBLICATION, DISTRIBUTION, ETC. | |
| Place of publication, distribution, etc. | New York ; |
| -- | Singapore : |
| Name of publisher, distributor, etc. | Longman, |
| Date of publication, distribution, etc. | c2002. |
| 300 ## - PHYSICAL DESCRIPTION | |
| Extent | 362 p. : |
| Other physical details | ill. |
| 650 #0 - SUBJECT ADDED ENTRY--TOPICAL TERM | |
| Topical term or geographic name entry element | Report writing. |
| 650 #0 - SUBJECT ADDED ENTRY--TOPICAL TERM | |
| Topical term or geographic name entry element | Research. |
| 700 1# - ADDED ENTRY--PERSONAL NAME | |
| Personal name | Lester, James D., |
| Dates associated with a name | 1959- |
| 942 ## - ADDED ENTRY ELEMENTS (KOHA) | |
| Koha item type | Book |
| Call number prefix | 808.202 LES |
| Withdrawn status | Lost status | Damaged status | Not for loan | Collection code | Permanent Location | Current Location | Shelving location | Date acquired | Source of acquisition | Cost, normal purchase price | Total Checkouts | Full call number | Barcode | Date last seen | Price effective from | Koha item type |
|---|---|---|---|---|---|---|---|---|---|---|---|---|---|---|---|---|
| Central Library (CL) | Central Library (CL) | General Stacks | 12/27/2002 | Progressive International Agencies | 1735.19 | 808.202 LES | SEECS002875 | 11/14/2012 | 01/05/2017 | Book |
